Jujutsu Kaisen Popularity Polls - Statistics

General Stats
  • This quiz has been taken 449 times
  • The average score is 50 of 60
Answer Stats
Hint Answer % Correct
3 Gojo
100%
2 Gojo
100%
3 Gojo
100%
Fourth Poll>1 Gojo
100%
First Poll>1 Itadori
100%
3 Itadori
100%
2 Itadori
100%
2 Itadori
100%
2 Megumi
97%
Second Poll>1 Megumi
97%
Third Poll>1 Megumi
97%
3 Megumi
97%
15 Geto
93%
4 Geto
93%
4 Geto
93%
4 Geto
93%
12 Maki
93%
12 Maki
93%
9 Maki
93%
13 Maki
93%
10 Sukuna
92%
13 Sukuna
92%
12 Sukuna
92%
9 Sukuna
92%
6 Nobara
91%
11 Nobara
91%
13 Nobara
91%
14 Nobara
91%
12 Mahito
89%
7 Yuta
86%
8 Yuta
86%
5 Yuta
86%
7 Yuta
86%
5 Nanami
85%
5 Nanami
85%
7 Nanami
85%
8 Nanami
85%
14 Panda
84%
15 Panda
84%
8 Todo
83%
14 Todo
83%
9 Toji
81%
11 Toji
81%
10 Toji
81%
4 Inumaki
80%
6 Inumaki
80%
8 Inumaki
80%
11 Inumaki
80%
7 Choso
70%
10 Choso
70%
6 Choso
70%
10 Naoya
64%
6 Naoya
64%
5 Naoya
64%
11 Miwa
50%
15 Kashimo
46%
15 Utahime
45%
14 Utahime
45%
9 Junpei
35%
13 Takada
9%
No matching quizzes found
Score Distribution
Percent of People with Each Score
Percentile by Number Answered
Your Score History
You have not taken this quiz